<?xml version="1.0" encoding="UTF-8"?>
<record
    xmlns:xsi="http://www.w3.org/2001/XMLSchema-instance"
    xsi:schemaLocation="http://www.loc.gov/MARC21/slim http://www.loc.gov/standards/marcxml/schema/MARC21slim.xsd"
    xmlns="http://www.loc.gov/MARC21/slim">

  <leader>00760nmm a22002537a 4500</leader>
  <controlfield tag="005">20170124090737.0</controlfield>
  <controlfield tag="008">150624b        xxu||||| |||| 00| 0 spa d</controlfield>
  <datafield tag="041" ind1=" " ind2=" ">
    <subfield code="a">spa</subfield>
  </datafield>
  <datafield tag="082" ind1=" " ind2=" ">
    <subfield code="a">GT 1</subfield>
  </datafield>
  <datafield tag="100" ind1=" " ind2=" ">
    <subfield code="a">Leiva Rojas, Gary</subfield>
    <subfield code="a">Rizo Vargas, Raquel</subfield>
    <subfield code="a">Torres Benavides, Deiber</subfield>
    <subfield code="9">36924</subfield>
  </datafield>
  <datafield tag="245" ind1=" " ind2=" ">
    <subfield code="a">An&#xE1;lisis de los Recursos Tur&#xED;sticos del Cant&#xF3;n de Tarraz&#xFA;</subfield>
  </datafield>
  <datafield tag="260" ind1=" " ind2=" ">
    <subfield code="c">2011</subfield>
  </datafield>
  <datafield tag="300" ind1=" " ind2=" ">
    <subfield code="a">62 p&#xE1;ginas</subfield>
  </datafield>
  <datafield tag="502" ind1=" " ind2=" ">
    <subfield code="a">    </subfield>
  </datafield>
  <datafield tag="650" ind1=" " ind2=" ">
    <subfield code="a">CANT&#xD3;N DE TARRAZ&#xDA;</subfield>
    <subfield code="9">36925</subfield>
  </datafield>
  <datafield tag="650" ind1=" " ind2=" ">
    <subfield code="a">RECURSOS TUR&#xCD;STICOS</subfield>
    <subfield code="9">6706</subfield>
  </datafield>
  <datafield tag="650" ind1=" " ind2=" ">
    <subfield code="a">ECOSISTEMAS</subfield>
    <subfield code="9">1110</subfield>
  </datafield>
  <datafield tag="650" ind1=" " ind2=" ">
    <subfield code="a">ASPECTOS RELIGIOSOS</subfield>
    <subfield code="9">23248</subfield>
  </datafield>
  <datafield tag="650" ind1=" " ind2=" ">
    <subfield code="a">RELACI&#xD3;N SOCIOAMBIENTAL</subfield>
    <subfield code="9">36926</subfield>
  </datafield>
  <datafield tag="650" ind1=" " ind2=" ">
    <subfield code="a">RELACI&#xD3;N PRODUCTIVO SOCIAL</subfield>
    <subfield code="9">36927</subfield>
  </datafield>
  <datafield tag="650" ind1=" " ind2=" ">
    <subfield code="a">PRODUCCI&#xD3;N</subfield>
    <subfield code="9">706</subfield>
  </datafield>
  <datafield tag="650" ind1=" " ind2=" ">
    <subfield code="a">COSTA RICA</subfield>
    <subfield code="9">36928</subfield>
  </datafield>
  <datafield tag="942" ind1=" " ind2=" ">
    <subfield code="c">GT</subfield>
  </datafield>
  <datafield tag="999" ind1=" " ind2=" ">
    <subfield code="c">6288</subfield>
    <subfield code="d">6288</subfield>
  </datafield>
  <datafield tag="952" ind1=" " ind2=" ">
    <subfield code="0">0</subfield>
    <subfield code="1">0</subfield>
    <subfield code="4">0</subfield>
    <subfield code="7">0</subfield>
    <subfield code="a">BACB</subfield>
    <subfield code="b">BACB</subfield>
    <subfield code="d">2017-01-24</subfield>
    <subfield code="g">62720.00</subfield>
    <subfield code="l">4</subfield>
    <subfield code="o">GT 1</subfield>
    <subfield code="p">GT1</subfield>
    <subfield code="r">2019-06-05 00:00:00</subfield>
    <subfield code="s">2019-05-29</subfield>
    <subfield code="w">2017-01-24</subfield>
    <subfield code="y">GT</subfield>
  </datafield>
</record>
